CDS und Credit Spread: theoretische Gemeinsamkeiten und praktische Unterschiede diplomová práca

Na minha lista:
Detalhes bibliográficos
Autor principal: Kozačenková, Viera
Autor Corporativo: Ekonomická univerzita v Bratislave. Ústav medzinárodných programov
Outros Autores: Leitenberger, Jörg
Formato: Livro
Idioma:alemão
Publicado em: Bratislava 2013
Tags: Adicionar Tag
Sem tags, seja o primeiro a adicionar uma tag!

MARC

LEADER 00000nbm a2200000 4500
001 0183124
005 20170314102215.5
041 0 |a ger 
044 |a SK 
245 1 0 |a CDS und Credit Spread: theoretische Gemeinsamkeiten und praktische Unterschiede  |b diplomová práca  |c Viera Kozačenková ; školiteľ: Jörg Leitenberger 
264 1 |a Bratislava  |c 2013 
300 |a 45 s. 
100 1 |a Kozačenková, Viera 
700 1 |a Leitenberger, Jörg 
710 2 |a Ekonomická univerzita v Bratislave. Ústav medzinárodných programov